00943nam a22002771i 4500001001400000003000400014005001700018008004100035015001500076020003800091040003900129082002100168100004500189245013100234264004800365264001100413300002800424336002100452337002500473338002300498500002000521504003200541650002000573650003800593700003400631vtls000866020PNM20200317122737.0181119t20182018my e a001 0 eng  aM191-01537 a9789672229308qpaperbackcRM35.00 aBNMbengcBNMdPNMdBNMdPPAKerda04a746.662095952230 aMohd. Rafi Yaacob,cProf., Dr.,eauthor.10aBATIK INDUSTRY IN MALAYSIA AT THE CROSSROAD :bBusiness as usual or green imperative? /cMohd Rafi Yaacob, Nur Faizah Mat Zain 1aKota Bharu, Kelantan :bPenerbit UMK,c2018 4c©2018 axiv, 131 pages ;c23 cm atext2rdacontent aunmediated2rdamedia avolume2rdacarrier aIncludes index. aBibliography: pages 111-12710aBatikzMalaysia20aGovernment publicationszMalaysia0 aNur Faizah Mat Zain,eauthor.